000 00369nam a2200157Ia 4500
008 230312s9999||||xx |||||||||||||| ||und||
020 _a0-19-545555-7
082 _a820
_bHEN-G
100 _aHenry;O
245 0 _aGift and Other Stories
260 _bOxford
_aChina
_c2007
300 _a108
546 _aEng.
650 _aLiterature
_vEnglish Literature
942 _cBK
999 _c9340
_d9340